| 000 | 01592nam2a22002891 4500 | ||
|---|---|---|---|
| 001 | rc\2192391 | ||
| 005 | 20250623085450.0 | ||
| 035 | _a(NLR Aleph) 006692817 | ||
| 090 |
_a5163349 _c5163349 |
||
| 100 | _a20110829d1979 |||y0rusy50 ca | ||
| 101 | 0 | _arus | |
| 102 | _aRU | ||
| 105 | _aa z ||||| | ||
| 200 | 1 |
_aМетодические материалы по применению системы фотонабора текстов _e(Система программир. набора текстов - СПНТ) _fА.И. Чепкасов _hЧ. 1 _iОписание применения |
|
| 210 |
_d1979 _aБ. м. |
||
| 215 |
_a40 с. _cил. |
||
| 320 | _aБиблиогр.: с. 39 (6 назв.) | ||
| 461 | 0 |
_1001rc\1189636 _12001#$aМетодические материалы и документация по пакетам прикладных программ$fМеждунар. центр науч. и техн. информ.$vВып. 3. Ч. 1 _96963736 _cМ. _d1980 _fМеждунар. центр науч. и техн. информ. _nМЦНТИ _tМетодические материалы и документация по пакетам прикладных программ _vВып. 3. Ч. 1 |
|
| 606 |
_aНаборно-программирующие аппараты (вып. 3) _2psbo |
||
| 606 |
_aФотонаборные машины, электронные (вып. 3) _2psbo |
||
| 700 | 1 |
_aЧепкасов _bА.И. |
|
| 702 | 1 |
_aЧепкасов _bА.И. _4220 |
|
| 801 | 0 |
_aRU _bNLR _gpsbo |
|
| 801 | 1 |
_aRU _bELAR _2rusmarc |
|
| 852 |
_aNLR _j79-8/681 |
||
| 942 | _cBOOK | ||
| 980 | _aNB | ||